La misión de los negocios: cómo conseguir el compromiso de los empleados

Salvato in:
Dettagli Bibliografici
Autori principali: Cambell, Andrew (Autore), Tawadey, Kiran (Autore)
Natura: Libro
Lingua:spagnolo
Pubblicazione: Madrid Diaz de Santos 1992
Soggetti:
Tags: Aggiungi Tag
Nessun Tag, puoi essere il primo ad aggiungerne!!

MARC

LEADER 00000nam a2200000 a 4500
001 UCT4129
003 CL-VaPUC
008 961108e19920000SP |||||||||||||||||spa|d
082 0 4 |a 658  |b CAM  |2 21 
100 0 |a Cambell, Andrew  |e author  |9 373276 
700 0 |a Tawadey, Kiran  |e author  |9 373277 
245 1 3 |a La misión de los negocios: cómo conseguir el compromiso de los empleados 
300 |a 411 p 
942 |c BK 
945 |d 19961108 00:00:00  |a rleighto 
260 |a Madrid  |b Diaz de Santos  |c 1992 
650 0 |a Misión de la empresa  |9 373278 
650 0 |a Empresas   |9 255569 
650 0 |a Organizaciones  |9 337993 
650 0 |a Liderazgo  |9 271835 
583 |a last modification  |c 19961108 00:00:00  |k Rodrigo Vera 
999 |c 253554  |d 253552 
952 |0 0  |1 0  |4 0  |6 658_000000000000000_CAM_1992  |7 0  |8 A  |9 274464  |a BIBGIM  |b BIBGIM  |d 2019-11-19  |i 3249492  |o 658 CAM 1992  |p 3249492  |r 2025-01-15  |w 2019-11-19  |y BK  |k SSL